[Event "Junior Online 4NCL Division 3"]
[Site "online"]
[Date "2021.09.02"]
[EventDate "2021.09.02"]
[Round "2.23"]
[White "Marshall, Wilfred"]
[WhiteElo "886"]
[WhiteTeam "Barnet Knights D"]
[Black "Michener, Max"]
[BlackElo "1000"]
[BlackTeam "Muswell Hill Primary"]
[Result "0-1"]
[PlyCount "48"]

1. e4 e5 2. Nf3 Nc6 3. Bc4 Bc5 4. Nc3 d6 5. O-O Bg4 6. Be2 Nf6 7. Re1 O-O 8. d3 h6 9. Bd2 Nh7 10. h3 Be6 11. b3 f5 12. exf5 Bxf5 13. Be3 Bxe3 14. fxe3 Ng5 15. Na4 Nxf3+ 16. Bxf3 Qg5 17. Bxc6 bxc6 18. Qf3 Bxd3 19. cxd3 Rxf3 20. Re2 Rxh3 21. Nc3 Rxe3 22. Rxe3 Qxe3+ 23. Kh2 Qd4 24. Ne2 Qxa1 0-1

[Event "Junior Online 4NCL Division 3"]
[Site "online"]
[Date "2021.09.02"]
[EventDate "2021.09.02"]
[Round "2.24"]
[White "Gibbins, Finlay"]
[WhiteElo "946"]
[WhiteTeam "Muswell Hill Primary"]
[Black "Finlay Fox, George"]
[BlackElo "800"]
[BlackTeam "Barnet Knights D"]
[Result "1-0"]
[PlyCount "63"]

1. e4 e5 2. Nc3 Bc5 3. Nf3 Qf6 4. Bb5 Nh6 5. d3 O-O 6. Bg5 Qg6 7. Na4 Qxg5 8. Nxg5 d5 9. Qh5 c6 10. Bc4 dxc4 11. dxc4 Bf5 12. Nxc5 Bg4 13. Qh4 Rd8 14. h3 Bc8 15. Qh5 b6 16. Nxf7 Nxf7 17. Ne6 Rd6 18. Nc7 Rh6 19. Qd1 Na6 20. Nxa8 Be6 21. c5 Nxc5 22. f3 Nd6 23. Qxd6 a5 24. Nc7 a4 25. Qd8+ Kf7 26. Qe8+ Kf6 27. Rd1 Bf7 28. Rd6+ Kg5 29. Qe7+ Kh5 30. Qxf7+ Kg5 31. Qxg7+ Kh5 32. Qxh6# 1-0

[Event "Junior Online 4NCL Division 3"]
[Site "online"]
[Date "2021.09.02"]
[EventDate "2021.09.02"]
[Round "2.25"]
[White "Man, Felix"]
[WhiteElo "1264"]
[WhiteTeam "Muswell Hill Primary"]
[Black "Kotha, Vedant"]
[BlackElo "1080"]
[BlackTeam "Barnet Knights D"]
[Result "1-0"]
[PlyCount "45"]

1. e4 e5 2. Nf3 Nc6 3. Bc4 Nf6 4. Nc3 Nxe4 5. Nxe4 d5 6. Bd3 dxe4 7. Bxe4 Ne7 8. Bd3 Qd5 9. Qe2 Nc6 10. Bb5 e4 11. Bxc6+ Qxc6 12. Nd4 Qd5 13. Nb5 Bd6 14. O-O c6 15. Nxd6+ Qxd6 16. Qxe4+ Be6 17. Qd3 Qf4 18. Qg3 Qc4 19. c3 O-O-O 20. d4 Qd5 21. Qe5 Qd7 22. Bf4 Rhe8 23. Qb8# 1-0

[Event "Junior Online 4NCL Division 3"]
[Site "online"]
[Date "2021.09.02"]
[EventDate "2021.09.02"]
[Round "2.26"]
[White "Thompson, Alex"]
[WhiteElo "913"]
[WhiteTeam "Barnet Knights D"]
[Black "Bagshaw, Freddie"]
[BlackElo "1160"]
[BlackTeam "Muswell Hill Primary"]
[Result "0-1"]
[PlyCount "122"]

1. b4 e5 2. Bb2 Nc6 3. b5 Nb4 4. Bxe5 Bc5 5. a3 Nd5 6. Bxg7 Qh4 7. g3 Bd4 8. Bxh8 Qe4 9. Nf3 Bxh8 10. Ra2 a6 11. Nc3 Qe6 12. Nxd5 Qxd5 13. c4 Qxc4 14. Rc2 Qxb5 15. e3 Qd5 16. Rc4 d6 17. Rd4 Qa2 18. a4 Bxd4 19. exd4 Qe6+ 20. Be2 Nf6 21. Ng5 Qe7 22. O-O h6 23. Nf3 b5 24. axb5 axb5 25. Re1 Ne4 26. Bd3 Bf5 27. Nh4 Qf6 28. Bxb5+ Kf8 29. Bc6 Ra5 30. Nxf5 Qxf5 31. g4 Qxf2+ 32. Kh1 d5 33. Rf1 Qxd4 34. Qf3 Nd6 35. d3 Ra1 36. Bxd5 Rxf1+ 37. Qxf1 Qxd5+ 38. Kg1 Qd4+ 39. Kh1 Nb5 40. Qc1 Qxd3 41. Qxh6+ Ke8 42. Qc6+ Qd7 43. Qxd7+ Kxd7 44. Kg1 c5 45. Kf1 c4 46. Ke1 c3 47. Kd1 Nd4 48. Kc1 Ke6 49. h3 Kf6 50. Kd1 Kg5 51. Kc1 Kh4 52. Kd1 Kxh3 53. g5 Kh4 54. g6 fxg6 55. Ke1 g5 56. Kf1 c2 57. Ke1 c1=Q+ 58. Kf2 g4 59. Kg2 Qf4 60. Kg1 g3 61. Kh1 Qf1# 0-1

[Event "Junior Online 4NCL Division 3"]
[Site "online"]
[Date "2021.09.02"]
[EventDate "2021.09.02"]
[Round "2.27"]
[White "Michener, Max"]
[WhiteElo "1000"]
[WhiteTeam "Muswell Hill Primary"]
[Black "Marshall, Wilfred"]
[BlackElo "886"]
[BlackTeam "Barnet Knights D"]
[Result "1-0"]
[PlyCount "36"]

1. e4 c5 2. c3 Nc6 3. d4 cxd4 4. cxd4 e6 5. Nc3 d5 6. exd5 exd5 7. Qa4 Bd7 8. Bb5 Nf6 9. Bg5 h6 10. Bxf6 Qxf6 11. Nxd5 Qxd4 12. Bxc6 Bxc6 13. Qxd4 Rd8 14. Nc7+ Ke7 15. Qe5+ Kd7 16. O-O-O+ Kc8 17. Nd5 Bxd5 18. Rxd5 Rxd5 1-0

[Event "Junior Online 4NCL Division 3"]
[Site "online"]
[Date "2021.09.02"]
[EventDate "2021.09.02"]
[Round "2.28"]
[White "Finlay Fox, George"]
[WhiteElo "800"]
[WhiteTeam "Barnet Knights D"]
[Black "Gibbins, Finlay"]
[BlackElo "946"]
[BlackTeam "Muswell Hill Primary"]
[Result "1-0"]
[PlyCount "25"]

1. e4 e5 2. Bc4 Bc5 3. Qh5 Nh6 4. Qxe5+ Be7 5. Qxg7 Bf6 6. Qxh6 Rg8 7. Qxh7 Rg7 8. Qh8+ Rg8 9. Qxg8+ Ke7 10. Qxf7+ Kd6 11. Qd5+ Ke7 12. e5 c6 13. Qf7# 1-0

[Event "Junior Online 4NCL Division 3"]
[Site "online"]
[Date "2021.09.02"]
[EventDate "2021.09.02"]
[Round "2.31"]
[White "Dalah, Jacob"]
[WhiteElo "1125"]
[WhiteTeam "Edgware Gambits E"]
[Black "Li, Lucian"]
[BlackElo "1348"]
[BlackTeam "Uxbridge B"]
[Result "0-1"]
[PlyCount "62"]

1. d4 d5 2. c4 e6 3. Nc3 Nf6 4. Nf3 Be7 5. Bf4 c5 6. e3 Nc6 7. Be2 O-O 8. O-O b6 9. cxd5 Nxd5 10. Bb5 Nxc3 11. bxc3 Bb7 12. Ne5 Nxe5 13. Bxe5 a6 14. Bd3 f6 15. Bf4 Bd6 16. Bg3 Bxg3 17. fxg3 Rc8 18. Bc4 Bd5 19. Bxa6 Ra8 20. Bd3 cxd4 21. cxd4 Rxa2 22. Rxa2 Bxa2 23. Qh5 f5 24. g4 g6 25. Qh6 Rf7 26. gxf5 exf5 27. Ra1 Be6 28. e4 Qxd4+ 29. Kf1 Qxa1+ 30. Kf2 Qd4+ 31. Ke2 fxe4 0-1

[Event "Junior Online 4NCL Division 3"]
[Site "online"]
[Date "2021.09.02"]
[EventDate "2021.09.02"]
[Round "2.32"]
[White "Knight, Samuel"]
[WhiteElo "1308"]
[WhiteTeam "Uxbridge B"]
[Black "Durling, Charlie"]
[BlackElo "1174"]
[BlackTeam "Edgware Gambits E"]
[Result "1-0"]
[PlyCount "129"]

1. d4 e6 2. e4 d5 3. e5 c5 4. c3 Qb6 5. Nf3 Nc6 6. Be2 Bd7 7. O-O Nh6 8. dxc5 Bxc5 9. b4 Be7 10. a4 a5 11. b5 Nd8 12. Bxh6 gxh6 13. Qd2 Qc7 14. Qxh6 Bf8 15. Qf6 Rg8 16. Rc1 Bg7 17. Qf4 Qc5 18. Nbd2 Qf8 19. c4 Bh6 20. Qd4 Qg7 21. Ne1 Rc8 22. cxd5 Rxc1 23. Rxc1 exd5 24. Qxd5 Be6 25. Qd4 Qg5 26. Rd1 Bd5 27. Qxd5 Ke7 28. Ndf3 Qf4 29. Qd7+ Kf8 30. Qxd8+ Kg7 31. Qf6+ Qxf6 32. exf6+ Kxf6 33. Rd6+ Kg7 34. Bc4 Rc8 35. Bd5 Rc1 36. g3 Bd2 37. Kf1 Bxe1 38. Nxe1 Rd1 39. Ke2 Rd4 40. Rd7 Kf6 41. Rxf7+ Kg6 42. Rd7 Kf5 43. Nf3 Rxa4 44. Rxb7 Kg4 45. Be6+ Kh5 46. Rxh7+ Kg6 47. Ra7 Re4+ 48. Kd3 Rxe6 49. Ra6 Kf5 50. Rxe6 Kxe6 51. Kc4 Kd7 52. h4 a4 53. Kb4 a3 54. Kxa3 Kc7 55. Kb4 Kb6 56. h5 Kb7 57. Kc5 Kb8 58. h6 Ka8 59. Kb6 Kb8 60. h7 Kc8 61. h8=Q+ Kd7 62. Qe5 Kd8 63. Qg7 Ke8 64. Ne5 Kd8 65. Qd7# 1-0

[Event "Junior Online 4NCL Division 3"]
[Site "online"]
[Date "2021.09.02"]
[EventDate "2021.09.02"]
[Round "2.33"]
[White "Patel, Rohan"]
[WhiteElo "1188"]
[WhiteTeam "Edgware Gambits E"]
[Black "Navle, Yash Kumar"]
[BlackElo "1103"]
[BlackTeam "Uxbridge B"]
[Result "1/2-1/2"]
[PlyCount "119"]

1. e4 e5 2. Nf3 Nc6 3. Bc4 Nf6 4. Nc3 Nxe4 5. Nxe4 d5 6. Bd3 dxe4 7. Bxe4 Bd7 8. Bxc6 Bxc6 9. Nxe5 Qe7 10. Qe2 Bxg2 11. Rg1 Bc6 12. d3 f6 13. Nxc6 Qxe2+ 14. Kxe2 bxc6 15. Kd2 Bd6 16. Re1+ Kf7 17. h3 Bf4+ 18. Kd1 Bxc1 19. Rxc1 Rhe8 20. Kd2 Rxe1 21. Rxe1 Kg8 22. Re7 Rb8 23. Rxc7 Rxb2 24. Rxa7 Rb5 25. Rc7 Ra5 26. Rxc6 Rxa2 27. Rc7 Ra5 28. Ke3 Rh5 29. c4 Rxh3+ 30. Kd4 Rf3 31. c5 Rxf2 32. c6 Rc2 33. Kd5 g5 34. Rd7 g4 35. c7 h5 36. Rd8+ Kg7 37. c8=Q Rxc8 38. Rxc8 Kg6 39. Rc2 Kg5 40. Rf2 f5 41. Ke5 f4 42. Rxf4 g3 43. Rf1 h4 44. Ke4 Kg4 45. Rf4+ Kh3 46. d4 g2 47. Rf3+ Kh2 48. Rf2 Kh1 49. Rxg2 Kxg2 50. d5 h3 51. d6 h2 52. d7 h1=Q 53. d8=Q Kg3+ 54. Kf5 Qf1+ 55. Ke4 Qe1+ 56. Kf5 Qf1+ 57. Kg6 Qb1+ 58. Kg7 Qb2+ 59. Qf6 Qxf6+ 60. Kxf6 1/2-1/2

[Event "Junior Online 4NCL Division 3"]
[Site "online"]
[Date "2021.09.02"]
[EventDate "2021.09.02"]
[Round "2.34"]
[White "Navle, Aditi"]
[WhiteElo "1103"]
[WhiteTeam "Uxbridge B"]
[Black "Wen, Liana"]
[BlackElo "1154"]
[BlackTeam "Edgware Gambits E"]
[Result "0-1"]
[PlyCount "80"]

1. e4 c5 2. c3 d6 3. d4 Nc6 4. d5 Ne5 5. Bb5+ Bd7 6. Bxd7+ Nxd7 7. Nf3 Ngf6 8. Nbd2 g6 9. O-O Bg7 10. Re1 O-O 11. Nc4 b5 12. Na3 a6 13. c4 b4 14. Nc2 a5 15. Ne3 Nxe4 16. Ng4 Nef6 17. Nxf6+ Nxf6 18. Bg5 Qd7 19. b3 Qf5 20. Qb1 Qg4 21. h3 Qd7 22. Qd1 e5 23. dxe6 fxe6 24. Rc1 Rae8 25. Rc2 e5 26. Bxf6 Bxf6 27. Rce2 Bg7 28. Nxe5 Bxe5 29. Rxe5 Qf7 30. R5e2 Rd8 31. Rd2 Rde8 32. Rxe8 Rxe8 33. Rxd6 Rf8 34. f3 Qe7 35. g4 Qe3+ 36. Kg2 Rf4 37. Rd8+ Rf8 38. Rxf8+ Kxf8 39. Qd8+ Kg7 40. Qe7+ Qxe7 0-1

[Event "Junior Online 4NCL Division 3"]
[Site "online"]
[Date "2021.09.02"]
[EventDate "2021.09.02"]
[Round "2.35"]
[White "Li, Lucian"]
[WhiteElo "1348"]
[WhiteTeam "Uxbridge B"]
[Black "Dalah, Jacob"]
[BlackElo "1125"]
[BlackTeam "Edgware Gambits E"]
[Result "0-1"]
[PlyCount "110"]

1. e4 e5 2. Nf3 Nc6 3. Bc4 Be7 4. c3 Nf6 5. d3 O-O 6. O-O d6 7. Re1 Be6 8. Bxe6 fxe6 9. Qb3 Qd7 10. Ng5 d5 11. exd5 Nxd5 12. Ne4 Nf6 13. Nxf6+ Rxf6 14. Qc2 Bc5 15. Be3 Bxe3 16. Rxe3 Qf7 17. Na3 Rf8 18. Rf1 Ne7 19. Rxe5 Nd5 20. Re4 Rf4 21. Rxf4 Qxf4 22. d4 Ne3 23. Qe2 Nxf1 24. Qxf1 b6 25. Qe1 Re8 26. Nc4 b5 27. Ne5 b4 28. Nd3 Qd6 29. Nxb4 c5 30. dxc5 Qxc5 31. Nd3 Qb6 32. Qe2 Qa6 33. Nc1 Qxe2 34. Nxe2 Rd8 35. f3 Rd2 36. Nd4 Rxb2 37. Nxe6 Rxa2 38. c4 Rc2 39. c5 a5 40. Nd4 Rxc5 41. Nb3 Rb5 42. Nd4 Rd5 43. Ne6 a4 44. Nf4 a3 45. Nxd5 a2 46. Kf2 a1=Q 47. Kg3 Qe5+ 48. f4 Qxd5 49. h3 Qd3+ 50. Kg4 g6 51. g3 h6 52. Kh4 Qf5 53. g4 Qc5 54. g5 Qf2+ 55. Kg4 h5# 0-1

[Event "Junior Online 4NCL Division 3"]
[Site "online"]
[Date "2021.09.02"]
[EventDate "2021.09.02"]
[Round "2.36"]
[White "Durling, Charlie"]
[WhiteElo "1174"]
[WhiteTeam "Edgware Gambits E"]
[Black "Knight, Samuel"]
[BlackElo "1308"]
[BlackTeam "Uxbridge B"]
[Result "0-1"]
[PlyCount "44"]

1. d4 d5 2. e4 dxe4 3. Nc3 Bf5 4. Qh5 e6 5. Bg5 Nf6 6. Bxf6 Qxf6 7. O-O-O Bb4 8. Bb5+ c6 9. Bxc6+ Nxc6 10. Nb5 Rc8 11. g4 Bg6 12. Qh3 a6 13. Qb3 axb5 14. a3 Be7 15. Qxb5 O-O 16. Qxb7 Nxd4 17. Qd7 Nxc2 18. g5 Qxg5+ 19. Kb1 e3 20. Nf3 Nxa3+ 21. Ka2 Qc5 22. bxa3 Qxa3# 0-1

[Event "Junior Online 4NCL Division 3"]
[Site "online"]
[Date "2021.09.02"]
[EventDate "2021.09.02"]
[Round "2.37"]
[White "Navle, Yash Kumar"]
[WhiteElo "1103"]
[WhiteTeam "Uxbridge B"]
[Black "Patel, Rohan"]
[BlackElo "1188"]
[BlackTeam "Edgware Gambits E"]
[Result "0-1"]
[PlyCount "124"]

1. e4 e5 2. Nf3 Nc6 3. d4 exd4 4. Nxd4 Bc5 5. Nxc6 bxc6 6. Nc3 Nf6 7. Bg5 h6 8. Bh4 Be7 9. e5 Nh7 10. Bxe7 Qxe7 11. Qe2 d6 12. exd6 Qxe2+ 13. Bxe2 cxd6 14. Bf3 Bd7 15. O-O O-O 16. Rfd1 d5 17. Na4 Ng5 18. Be2 Rab8 19. Nc5 Be8 20. b3 f5 21. f4 Ne4 22. Nxe4 fxe4 23. c4 Bf7 24. cxd5 cxd5 25. Rd4 Be6 26. g3 Rbc8 27. a4 Rc3 28. b4 Rfc8 29. b5 Rc1+ 30. Rxc1 Rxc1+ 31. Kf2 Rc2 32. Ke3 Rc3+ 33. Kd2 Ra3 34. Kc2 Ra2+ 35. Kd1 Kf7 36. g4 Kf6 37. f5 Bf7 38. Ke1 Ke5 39. Rb4 d4 40. Bc4 Bxc4 41. Rxc4 Rxh2 42. Rc7 Kf4 43. Rxg7 d3 44. f6 d2+ 45. Kd1 e3 46. f7 Rh1+ 47. Kc2 Rc1+ 48. Kb3 d1=Q+ 49. Kb4 Qd4+ 50. Ka5 Qxg7 51. Ka6 Qxf7 52. a5 Qe6+ 53. b6 axb6 54. axb6 Ra1+ 55. Kb7 Qd7+ 56. Kb8 Qd8+ 57. Kb7 Rb1 58. Kc6 Qxb6+ 59. Kd5 Rd1+ 60. Kc4 Qc6+ 61. Kb4 Rb1+ 62. Ka5 Qa8# 0-1

[Event "Junior Online 4NCL Division 3"]
[Site "online"]
[Date "2021.09.02"]
[EventDate "2021.09.02"]
[Round "2.38"]
[White "Wen, Liana"]
[WhiteElo "1154"]
[WhiteTeam "Edgware Gambits E"]
[Black "Navle, Aditi"]
[BlackElo "1103"]
[BlackTeam "Uxbridge B"]
[Result "0-1"]
[PlyCount "70"]

1. d4 d5 2. c4 e6 3. e3 Bb4+ 4. Bd2 Bxd2+ 5. Nxd2 Nf6 6. Qa4+ Bd7 7. Qb3 O-O 8. Qxb7 Nc6 9. Qb3 Rb8 10. Qc2 Nb4 11. Qd1 Qe8 12. a3 Ba4 13. Qf3 Nc2+ 14. Ke2 Nxa1 15. cxd5 exd5 16. Ke1 Nc2+ 17. Ke2 Nxd4+ 18. Kd3 Nxf3 19. Ndxf3 Ng4 20. Be2 Nxf2+ 21. Kd4 Nxh1 22. Kxd5 Rd8+ 23. Kc4 Bb5+ 24. Kc3 Bxe2 25. Nxe2 Nf2 26. Nfd4 Qxe3+ 27. Kc4 Ne4 28. h4 Nd6+ 29. Kc5 Qe5+ 30. Kc6 Qe4+ 31. Kxc7 Nb5+ 32. Nxb5 Qxe2 33. Nd6 Qe5 34. b4 Qxd6+ 35. Kb7 Rd7# 0-1

[Event "Junior Online 4NCL Division 3"]
[Site "online"]
[Date "2021.09.02"]
[EventDate "2021.09.02"]
[Round "2.41"]
[White "Tang, Brian"]
[WhiteElo "1486"]
[WhiteTeam "JHJ Shark Tank 4"]
[Black "Dean, Eskander"]
[BlackElo "1316"]
[BlackTeam "The Hall 2"]
[Result "1-0"]
[PlyCount "121"]

1. e4 e5 2. Nf3 d6 3. d4 exd4 4. Nxd4 c5 5. Nf3 Bg4 6. Be3 Nf6 7. Nbd2 Nc6 8. Bb5 Qb6 9. Bxc6+ Qxc6 10. h3 Bxf3 11. Qxf3 Be7 12. O-O O-O 13. Rad1 Rad8 14. c4 Rfe8 15. Rfe1 h6 16. Qg3 Nxe4 17. Nxe4 Qxe4 18. Bxh6 Qg6 19. Qxg6 fxg6 20. Bf4 g5 21. Bg3 Kf7 22. Rd5 b6 23. Red1 Ke6 24. R1d3 Kf6 25. Kf1 Rd7 26. f3 Red8 27. Kf2 a6 28. b3 b5 29. h4 gxh4 30. Bxh4+ Kf7 31. Bxe7 Kxe7 32. Kg3 bxc4 33. bxc4 Rb8 34. Rb3 Rdb7 35. Rdd3 Rxb3 36. Rxb3 Rxb3 37. axb3 Kf6 38. Kf4 a5 39. Ke4 Ke6 40. f4 g6 41. g4 Kd7 42. Kd5 Kc7 43. f5 gxf5 44. gxf5 Kd7 45. f6 Ke8 46. Kxd6 Kf7 47. Kxc5 Kxf6 48. Kb5 Ke6 49. Kxa5 Kd6 50. Kb6 Kd7 51. b4 Kc8 52. Kc6 Kb8 53. b5 Ka7 54. b6+ Kb8 55. b7 Ka7 56. Kc7 Ka6 57. b8=Q Ka5 58. Qb3 Ka6 59. Qb4 Ka7 60. Qb5 Ka8 61. Qb7# 1-0

[Event "Junior Online 4NCL Division 3"]
[Site "online"]
[Date "2021.09.02"]
[EventDate "2021.09.02"]
[Round "2.42"]
[White "Agarwal, Mihir"]
[WhiteElo "1344"]
[WhiteTeam "The Hall 2"]
[Black "Burrill, Edoardo"]
[BlackElo "1455"]
[BlackTeam "JHJ Shark Tank 4"]
[Result "1-0"]
[PlyCount "27"]

1. e4 e5 2. Nf3 Nc6 3. d4 exd4 4. Nxd4 Nf6 5. Nxc6 bxc6 6. Nc3 Bb4 7. Bg5 h6 8. Bh4 O-O 9. e5 g5 10. exf6 gxh4 11. Qf3 Re8+ 12. Be2 Ba6 13. Qg4+ Kf8 14. Qg7# 1-0

[Event "Junior Online 4NCL Division 3"]
[Site "online"]
[Date "2021.09.02"]
[EventDate "2021.09.02"]
[Round "2.43"]
[White "Groot Wassink, Leon"]
[WhiteElo "1455"]
[WhiteTeam "JHJ Shark Tank 4"]
[Black "Kohli, Aryan"]
[BlackElo "1251"]
[BlackTeam "The Hall 2"]
[Result "1-0"]
[PlyCount "73"]

1. e4 c5 2. Nc3 d6 3. Nf3 e6 4. d4 cxd4 5. Nxd4 Bd7 6. Be3 Nc6 7. Bc4 Nxd4 8. Bxd4 Nf6 9. e5 dxe5 10. Bxe5 Be7 11. Bd6 O-O 12. Bxe7 Qxe7 13. Qd2 b5 14. Bb3 a5 15. a3 b4 16. Ne2 Ne4 17. Qe3 Bc6 18. O-O Qf6 19. Qd4 Qg6 20. f3 Ng5 21. Kh1 Qh5 22. Nf4 Qh6 23. axb4 axb4 24. Rxa8 Bxa8 25. Qxb4 e5 26. Nd5 Qh5 27. Ne7+ Kh8 28. Ng6+ hxg6 29. Qxf8+ Kh7 30. Qxa8 Qh4 31. Qa4 Qh5 32. Qg4 Qh6 33. f4 exf4 34. Qxf4 Qh5 35. Bxf7 Qe2 36. Kg1 Qe7 37. Qh4# 1-0

[Event "Junior Online 4NCL Division 3"]
[Site "online"]
[Date "2021.09.02"]
[EventDate "2021.09.02"]
[Round "2.44"]
[White "O'Sullivan, Conor"]
[WhiteElo "1290"]
[WhiteTeam "The Hall 2"]
[Black "Sisupalan, Beni"]
[BlackElo "1452"]
[BlackTeam "JHJ Shark Tank 4"]
[Result "0-1"]
[PlyCount "68"]

1. e4 e5 2. Nf3 Nc6 3. Nc3 Nf6 4. Bb5 d6 5. d3 a6 6. Ba4 Be7 7. Be3 b5 8. Bb3 O-O 9. Bd5 Bd7 10. O-O Rc8 11. a4 b4 12. Ne2 Re8 13. c4 Rb8 14. Ba7 Nxa7 15. d4 Nxd5 16. exd5 Bf6 17. dxe5 dxe5 18. d6 Bg4 19. c5 cxd6 20. cxd6 Bxf3 21. gxf3 Qd7 22. Rc1 Rec8 23. Rxc8+ Rxc8 24. f4 Nc6 25. Qd5 Rd8 26. fxe5 Nxe5 27. Rd1 Qg4+ 28. Kf1 Qh3+ 29. Ke1 Nf3+ 30. Qxf3 Qxf3 31. Ng1 Qe4+ 32. Kf1 Bh4 33. f3 Qc2 34. Rd4 Qf2# 0-1

[Event "Junior Online 4NCL Division 3"]
[Site "online"]
[Date "2021.09.02"]
[EventDate "2021.09.02"]
[Round "2.45"]
[White "Dean, Eskander"]
[WhiteElo "1316"]
[WhiteTeam "The Hall 2"]
[Black "Tang, Brian"]
[BlackElo "1486"]
[BlackTeam "JHJ Shark Tank 4"]
[Result "0-1"]
[PlyCount "116"]

1. d4 d5 2. Bf4 c5 3. dxc5 Nc6 4. e3 a6 5. Nf3 Nf6 6. Nbd2 e6 7. c3 Bxc5 8. Nb3 Bd6 9. Bxd6 Qxd6 10. Nfd4 O-O 11. Nxc6 bxc6 12. Bd3 e5 13. Bc2 e4 14. f3 Qe5 15. fxe4 dxe4 16. O-O Ng4 17. g3 Nxe3 18. Qe2 Nxf1 19. Rxf1 f5 20. Qc4+ Qd5 21. Qxd5+ cxd5 22. Nd4 Rb8 23. Bb3 Kh8 24. Bxd5 Rxb2 25. Ne6 Bxe6 26. Bxe6 Rb6 27. Rxf5 Rxf5 28. Bxf5 Rb1+ 29. Kf2 Rb2+ 30. Ke3 Rxa2 31. Bxe4 Rxh2 32. Bd3 a5 33. c4 a4 34. c5 Rh6 35. Be4 a3 36. c6 Rxc6 37. Bxc6 a2 38. Bd5 a1=Q 39. Be4 Qc3+ 40. Bd3 g5 41. Ke4 h5 42. Be2 h4 43. gxh4 gxh4 44. Bg4 h3 45. Bf3 h2 46. Kf4 Qxf3+ 47. Kxf3 h1=Q+ 48. Kg3 Qe4 49. Kf2 Kh7 50. Kg3 Kh6 51. Kf2 Kh5 52. Kg3 Kg5 53. Kf2 Kg4 54. Kg1 Qc2 55. Kf1 Qd2 56. Kg1 Qe2 57. Kh1 Kg3 58. Kg1 Qe1# 0-1

[Event "Junior Online 4NCL Division 3"]
[Site "online"]
[Date "2021.09.02"]
[EventDate "2021.09.02"]
[Round "2.46"]
[White "Burrill, Edoardo"]
[WhiteElo "1455"]
[WhiteTeam "JHJ Shark Tank 4"]
[Black "Agarwal, Mihir"]
[BlackElo "1344"]
[BlackTeam "The Hall 2"]
[Result "0-1"]
[PlyCount "148"]

1. e4 e5 2. Nf3 Nc6 3. Bc4 Bc5 4. d3 Nge7 5. Nc3 d6 6. O-O Bg4 7. Be3 Nd4 8. Bxd4 Bxd4 9. Nd5 Nxd5 10. Bxd5 O-O 11. c3 c6 12. cxd4 cxd5 13. exd5 exd4 14. h3 Bh5 15. Qe2 Re8 16. Qd1 Qa5 17. g4 Bg6 18. Nh2 Qxd5 19. Qf3 Qxf3 20. Nxf3 h5 21. Nxd4 hxg4 22. hxg4 Bxd3 23. Rfe1 Re4 24. Rxe4 Bxe4 25. Re1 d5 26. Nf5 Bxf5 27. gxf5 Rc8 28. Re7 Rb8 29. Rd7 Rc8 30. Rxb7 Rd8 31. Rxa7 d4 32. Kf1 d3 33. Ke1 Rb8 34. b3 Rb4 35. Kd2 Rf4 36. Kxd3 Rxf2 37. Ke4 f6 38. a3 Kf8 39. b4 Rb2 40. Kd5 Ke8 41. Ke6 Re2+ 42. Kd5 Re5+ 43. Kc6 Rxf5 44. a4 g5 45. b5 g4 46. Kd6 g3 47. Re7+ Kf8 48. Re2 Rf2 49. Re1 Rb2 50. Rg1 g2 51. Kc5 f5 52. b6 Ke7 53. a5 Kd7 54. a6 Kc8 55. a7 Kb7 56. Ra1 Rc2+ 57. Kb5 Rc8 58. Rg1 Rg8 59. Ka5 f4 60. Kb5 f3 61. Rd1 g1=Q 62. Rd7+ Ka8 63. b7+ Kxa7 64. b8=Q+ Kxb8 65. Rd6 Rg5+ 66. Kc6 Qc1+ 67. Kd7 Qc8+ 68. Ke7 Rg7+ 69. Kf6 Qf8+ 70. Ke6 Qf7+ 71. Ke5 Rg5+ 72. Ke4 Qf5+ 73. Kd4 Qe5+ 74. Kc4 Qxd6 0-1

[Event "Junior Online 4NCL Division 3"]
[Site "online"]
[Date "2021.09.02"]
[EventDate "2021.09.02"]
[Round "2.47"]
[White "Kohli, Aryan"]
[WhiteElo "1251"]
[WhiteTeam "The Hall 2"]
[Black "Groot Wassink, Leon"]
[BlackElo "1455"]
[BlackTeam "JHJ Shark Tank 4"]
[Result "0-1"]
[PlyCount "56"]

1. d4 Nf6 2. Bf4 e6 3. e3 c5 4. c3 Nc6 5. Bd3 d5 6. Nf3 cxd4 7. cxd4 Bd6 8. Ne5 O-O 9. Ng4 Nxg4 10. Qxg4 e5 11. Qh5 g6 12. Bg5 gxh5 13. Bxd8 Rxd8 14. O-O exd4 15. exd4 Nxd4 16. Nc3 Bf5 17. Bxf5 Nxf5 18. Nxd5 Bxh2+ 19. Kxh2 Rxd5 20. g3 Rd2 21. Rg1 Rxf2+ 22. Kh3 Rxb2 23. g4 hxg4+ 24. Kxg4 Ne7 25. Kf4+ Ng6+ 26. Kf5 Rb5+ 27. Kf6 Re8 28. Rad1 Re6# 0-1

[Event "Junior Online 4NCL Division 3"]
[Site "online"]
[Date "2021.09.02"]
[EventDate "2021.09.02"]
[Round "2.48"]
[White "Sisupalan, Beni"]
[WhiteElo "1452"]
[WhiteTeam "JHJ Shark Tank 4"]
[Black "O'Sullivan, Conor"]
[BlackElo "1290"]
[BlackTeam "The Hall 2"]
[Result "1-0"]
[PlyCount "51"]

1. e4 e5 2. Nf3 Nc6 3. Bc4 Nf6 4. Ng5 Nd4 5. c3 Ne6 6. Nxe6 dxe6 7. d3 Bc5 8. O-O c6 9. Be3 Bxe3 10. fxe3 b5 11. Bb3 a5 12. a4 bxa4 13. Bxa4 Bd7 14. Nd2 O-O 15. Nc4 c5 16. Nxe5 Bxa4 17. Qxa4 Rb8 18. Nc6 Qxd3 19. Nxb8 Qxe3+ 20. Kh1 Nxe4 21. Qc2 Rxb8 22. Rae1 Ng3+ 23. hxg3 Qxg3 24. Qf2 Qg6 25. Qxc5 Rxb2 26. Qc8# 1-0

[Event "Junior Online 4NCL Division 3"]
[Site "online"]
[Date "2021.09.02"]
[EventDate "2021.09.02"]
[Round "2.51"]
[White "Sidana, Rishabh"]
[WhiteElo "1399"]
[WhiteTeam "Chess Challengers A"]
[Black "Demetriou, Jay"]
[BlackElo "1519"]
[BlackTeam "Wanstead Warriors 1"]
[Result "1-0"]
[PlyCount "85"]

1. e4 c6 2. d4 d5 3. e5 Bf5 4. Nf3 e6 5. Be2 Nd7 6. Nc3 c5 7. Be3 c4 8. h3 h6 9. g4 Bh7 10. b3 b5 11. bxc4 bxc4 12. Rb1 Nb6 13. O-O Ne7 14. Nb5 Ng6 15. h4 a6 16. Nc3 a5 17. h5 Ne7 18. Rb2 Nc6 19. Qb1 Bb4 20. Bd2 O-O 21. a3 Bxc3 22. Rxb6 Bxd2 23. Rxc6 Bg5 24. Qb7 Qe7 25. Rc7 Qxa3 26. Nxg5 hxg5 27. Rxf7 Rxf7 28. Qxa8+ Rf8 29. Qc6 Qe7 30. Rb1 Qf7 31. f3 Bxc2 32. Rb7 Qe8 33. Qd6 Rf7 34. Rb8 Qxb8 35. Qxb8+ Kh7 36. Qb5 Rf4 37. Qxa5 Rxd4 38. Qc3 Rf4 39. Qxc2+ Kh8 40. Kf2 d4 41. Qxc4 d3 42. Qc8+ Kh7 43. Bxd3+ 1-0

[Event "Junior Online 4NCL Division 3"]
[Site "online"]
[Date "2021.09.02"]
[EventDate "2021.09.02"]
[Round "2.52"]
[White "Stevens, Tobias"]
[WhiteElo "1468"]
[WhiteTeam "Wanstead Warriors 1"]
[Black "Subramanian, Ashwanth"]
[BlackElo "1350"]
[BlackTeam "Chess Challengers A"]
[Result "0-1"]
[PlyCount "38"]

1. e4 e5 2. Nf3 Nc6 3. Bc4 Bc5 4. d3 Nf6 5. Nc3 d6 6. Bg5 h6 7. Bxf6 Qxf6 8. Nd5 Qd8 9. Qe2 Bg4 10. h3 Nd4 11. Qd1 Bxf3 12. gxf3 c6 13. Ne3 Qf6 14. b4 Nxf3+ 15. Ke2 Nd4+ 16. Kf1 Bxb4 17. Qc1 Bc3 18. Ng4 Qf3 19. Rb1 Qxh1# 0-1

[Event "Junior Online 4NCL Division 3"]
[Site "online"]
[Date "2021.09.02"]
[EventDate "2021.09.02"]
[Round "2.53"]
[White "Ray, Ayush"]
[WhiteElo "1320"]
[WhiteTeam "Chess Challengers A"]
[Black "Gurusamy, Paramaguru"]
[BlackElo "1312"]
[BlackTeam "Wanstead Warriors 1"]
[Result "0-1"]
[PlyCount "94"]

1. e4 c6 2. d4 d5 3. e5 Bf5 4. Nf3 e6 5. Be2 c5 6. c3 Nc6 7. Be3 Qb6 8. Qb3 Qxb3 9. axb3 cxd4 10. cxd4 Bb4+ 11. Nc3 Nge7 12. O-O O-O 13. Rac1 h6 14. h3 Bh7 15. Rfd1 Nf5 16. Bf4 Na5 17. Na2 Be7 18. b4 Nc6 19. b5 Na5 20. Bd3 Rac8 21. Rc3 Nc4 22. Bxc4 Rxc4 23. Rxc4 dxc4 24. Nc3 Rd8 25. Ne2 Bb4 26. Ra1 Ra8 27. b6 a5 28. Rc1 Rc8 29. g4 Ne7 30. Nc3 Nd5 31. Nxd5 exd5 32. Nh4 g5 33. Bg3 gxh4 34. Bxh4 a4 35. Ra1 Ra8 36. f4 a3 37. bxa3 Bc3 38. Ra2 Bxd4+ 39. Kg2 Bxb6 40. Rb2 Be4+ 41. Kg3 Bc5 42. Rxb7 Rxa3+ 43. Kh2 Ra2+ 44. Kg3 Bf2+ 45. Kh2 Bxh4+ 46. Kg1 Ra1+ 47. Kh2 Rh1# 0-1